Strawberries

Enregistré dans:
Détails bibliographiques
Auteur principal: Hancock, James F (Auteur)
Format: Livre
Langue:anglais
Publié: Wallingford CABI 1999
Collection:Crop Poduction Science in Horticulture, 11
Sujets:
Tags: Ajouter un tag
Pas de tags, Soyez le premier à ajouter un tag!

MARC

LEADER 00000nam a2200000 a 4500
001 UCN3926
003 CL-VaPUC
008 010713e19990000UK |||||||||||||||||eng|d
082 0 4 |a 634.75  |b HAN  |2 21 
100 |a Hancock, James F  |e author  |9 599671 
245 1 0 |a Strawberries 
300 |a 237 p 
942 |c BK 
945 |d 20010713 00:00:00  |a cmena 
260 |a Wallingford  |b CABI  |c 1999 
650 7 |a FRUTILLAS  |2 CL-VaPUC  |9 264227 
650 0 |a Fruticultura  |9 259678 
650 0 |a Fisiología vegetal  |9 260158 
650 0 |a Control de plagas  |9 327373 
583 |a last modification  |c 20010713 00:00:00  |k Rodrigo Vera 
490 0 |a Crop Poduction Science in Horticulture, 11 
999 |c 296586  |d 296584 
952 |0 0  |1 0  |4 0  |6 634_750000000000000_HAN_1999  |7 0  |8 A  |9 350492  |a BIBAGR  |b BIBAGR  |d 2019-11-20  |i 3738493  |l 2  |o 634.75 HAN 1999  |p 3738493  |r 2025-01-20  |s 2024-06-18  |w 2019-11-20  |y BK  |k AGR